| 000 | 00000nam 2200000zi 4500 |
| 001 | 9.885768 |
| 003 | CaOODSP |
| 005 | 20241127095947 |
| 006 | m o d f |
| 007 | cr |n||||||||| |
| 008 | 200415s2020 onca ob f000 0 fre d |
| 040 | |aCaOODSP|bfre|erda|cCaOODSP |
| 043 | |an-cn--- |
| 086 | 1 |aHP5-133/5-2020F-PDF |
| 245 | 00|aMaladie à coronavirus (COVID-19) : |bcomment s'isoler chez soi en cas de COVID-19. |
| 264 | 1|a[Ottawa] : |bAgence de la santé publique du Canada = Public Health Agency of Canada, |c[2020] |
| 300 | |a1 ressource en ligne (2 pages non numérotées) : |billustrations |
| 336 | |atexte|btxt|2rdacontent/fre |
| 337 | |ainformatique|bc|2rdamedia/fre |
| 338 | |aressource en ligne|bcr|2rdacarrier/fre |
| 500 | |aPublié aussi en anglais sous le titre : Coronavirus disease (COVID-19): how to isolate at home when you have COVID-19. |
| 500 | |aTitre de départ. |
| 500 | |aPublié aussi en format HTML. |
| 504 | |aComprend des références. |
| 520 | |a« L’isolement signifie rester à la maison lorsque vous présentez des symptômes de la COVID-19 et éviter tout contact avec d’autres personnes afin de prévenir la propagation de la maladie à d’autres personnes de votre foyer et de votre communauté » -- Page [1]. |
| 650 | 6|aCOVID-19|zCanada. |
| 710 | 2 |aAgence de santé publique du Canada. |
| 775 | 08|tCoronavirus disease (COVID-19) : |w(CaOODSP)9.885766 |
| 775 | 08|t[Maladie à coronavirus (COVID-19)] : |w(CaOODSP)9.886136 |
| 775 | 08|t[Maladie à coronavirus (COVID-19)] : |w(CaOODSP)9.886140 |
| 775 | 08|t[Maladie à coronavirus (COVID-19)] : |w(CaOODSP)9.886143 |
| 775 | 08|t[Maladie à coronavirus (COVID-19)] : |w(CaOODSP)9.886149 |
| 775 | 08|t[Maladie à coronavirus (COVID-19)] : |w(CaOODSP)9.886153 |
| 775 | 08|t[Maladie à coronavirus (COVID-19)] : |w(CaOODSP)9.886157 |
| 775 | 08|t[Maladie à coronavirus (COVID-19)] : |w(CaOODSP)9.886166 |
| 775 | 08|t[Maladie à coronavirus (COVID-19)] : |w(CaOODSP)9.886181 |
| 775 | 08|t[Maladie à coronavirus (COVID-19)] : |w(CaOODSP)9.886188 |
| 775 | 08|t[Maladie à coronavirus (COVID-19)] : |w(CaOODSP)9.886196 |
| 775 | 08|t[Maladie à coronavirus (COVID-19)] : |w(CaOODSP)9.886206 |
| 775 | 08|t[Maladie à coronavirus (COVID-19)] : |w(CaOODSP)9.886222 |
| 775 | 08|t[Maladie à coronavirus (COVID-19)] : |w(CaOODSP)9.886225 |
| 775 | 08|t[Maladie à coronavirus (COVID-19)] : |w(CaOODSP)9.886230 |
| 775 | 08|t[Maladie à coronavirus (COVID-19)] : |w(CaOODSP)9.886233 |
| 775 | 08|t[Maladie à coronavirus (COVID-19)] : |w(CaOODSP)9.886252 |
| 775 | 08|t[Maladie à coronavirus (COVID-19)] : |w(CaOODSP)9.886303 |
| 775 | 08|t[Maladie à coronavirus (COVID-19)] : |w(CaOODSP)9.886309 |
| 775 | 08|t[Maladie à coronavirus (COVID-19)] : |w(CaOODSP)9.886316 |
| 775 | 08|t[Maladie à coronavirus (COVID-19)] : |w(CaOODSP)9.886708 |
| 856 | 40|qPDF|s349 Ko|uhttps://publications.gc.ca/collections/collection_2020/aspc-phac/hp5-133/HP5-133-5-2020-fra.pdf |
| 856 | 4 |qHTML|sS.O.|uhttps://www.canada.ca/fr/sante-publique/services/publications/maladies-et-affections/covid-19-comment-isoler-chez-soi.html |